The royal graves at Vergina

Αποθηκεύτηκε σε:
Λεπτομέρειες βιβλιογραφικής εγγραφής
Κύριος συγγραφέας: Ανδρόνικος, Mανόλης, 1919-1992
Μορφή: Βιβλίο
Γλώσσα:English
Δημοσίευση: Athens : [s.n.], 1978
Θέματα:
Ετικέτες: Προσθήκη ετικέτας
Δεν υπάρχουν, Καταχωρήστε ετικέτα πρώτοι!

MARC

LEADER 00000cam a2200000 i 4500
001 1/41881
008 961029s1978 eng d
035 |l 10025489 
040 |a GR-MY-UA  |b gre  |e aacr 
041 0 |a eng 
082 0 |a 938.17 
100 1 |a Ανδρόνικος, Mανόλης,   |d 1919-1992. 
245 1 4 |a The royal graves at Vergina /  |c M. Andronikos 
260 |a Athens :   |b [s.n.],   |c 1978 
300 |a 53 p.;  |b ill.;  |c 24 cm 
650 0 0 |a Excavations (Archaeology)  |z Greece  |z Vergina. 
651 0 |a Vergina (Greece)  |x Antiquities. 
852 |a INST  |b CHIOS  |e 19961029  |h 938.17 ΑΝΔ  |p 005200011163  |q 005200011163  |t BK  |y 0 
901 |a BIBL2-2000-2 
909 |a Χ  |b 047691 
970 |z 2000/08/ΔΕΜΕΝΑΓΑΣ